Airport Codes Quiz #1 - Statistics

General Stats
  • This quiz has been taken 217,212 times
    207,610 since last reset
  • The average score is 19 of 32
Answer Stats
Code City % Correct
LAX Los Angeles
96%
JFK New York City
92%
SEA Seattle
92%
SYD Sydney
89%
MAD Madrid
88%
AMS Amsterdam
87%
DUB Dublin
86%
LHR London
82%
SFO San Francisco
75%
CDG Paris
74%
MAN Manchester
71%
PEK Beijing
65%
MNL Manila
60%
BKK Bangkok
58%
ORD Chicago
57%
NRT Tokyo
55%
CAI Cairo
52%
YYZ Toronto
52%
CPH Copenhagen
51%
BOM Mumbai
51%
FCO Rome
51%
HNL Honolulu
47%
PER Perth
44%
YVR Vancouver
44%
CUN Cancun
43%
AKL Auckland
41%
CPT Cape Town
41%
NBO Nairobi
33%
GIG Rio de Janeiro
33%
FLL Fort Lauderdale
32%
SGN Ho Chi Minh City
32%
BHX Birmingham
27%
No matching quizzes found
Score Distribution
Percent of People with Each Score
Percentile by Number Answered
Your Score History
You have not taken this quiz since the last reset